Geography - A - Statistics

General Stats
  • This quiz has been taken 41 times
  • The average score is 8 of 15
Answer Stats
Hint Answer % Correct
The "Graveyard of Empires". Afghanistan
88%
Its capital is Luanda. Angola
88%
Portuguese archipelago southwest of Europe. Azores
85%
Capital of Ghana. Accra
83%
The driest non-polar desert, located in Chile. Atacama
75%
Formed a union with Castille in 1479. Aragón
70%
The capital of Madagascar (sorry). Antananarivo
65%
Known as Nur-Sultan from 2019 until 2022. Astana
65%
One of the original languages of the Christian Bible. Aramaic
53%
The most widespread language in Ethiopia. Amharic
43%
Northwesternmost province of Indonesia. Aceh
18%
Major state located in southern India. Andhra Pradesh
10%
The capital of the above answer. Amaravati
5%
Russian city intended to be the limit of Operation Barbarossa. Astrakhan
5%
Virtually uninhabited archipelago north of Siberia. Anzhu
3%
No matching quizzes found
Score Distribution
Percent of People with Each Score
Percentile by Number Answered
Your Score History
You have not taken this quiz